000 00471nam a22001697a 4500
005 20260421105737.0
008 260421b |||||||| |||| 00| 0 eng d
020 _a978-81-203-4575-1
050 _aQA 76.9 .A43 M64 2012
_bC.1
100 _aMOHAM, CHANDRA
245 _aDESIGN AND ANALYSIS OF ALGORITHMS
250 _aSECOND EDITION
260 _aRIMJHIM HOUSE
_bDHELI
_c2012
300 _aVIII, 186P. ILL
500 _aINCLUIDES REFERENCES, INDEX
942 _2lcc
_cBK
999 _c217039
_d217039